000 00478 a2200169 4500
003 OSt
005 20240111150558.0
008 240111b |||||||| |||| 00| 0 eng d
020 _a9789382581079
040 _coclc
082 _a297
_bABD/P
100 _aAbdulla, Abdul Jabbar
_91916
245 _aPukavali islamikavidhi /
_cAbdul Jabbar Abdullah
260 _aKerala:
_bDa'wa books
_c2012.
300 _a61p
942 _2ddc
_cBK
_h297
_iABD/P
_k297
_mABD/P
999 _c43123
_d43123